Normal view
MARC view
- Kanwal, Alishba
Entry Personal Name
001 - CONTROL NUMBER
- control field: 19736
003 - CONTROL NUMBER IDENTIFIER
- control field: NUST
005 - DATE AND TIME OF LATEST TRANSACTION
- control field: 20190830111345.0
008 - FIXED-LENGTH DATA ELEMENTS
- fixed length control field: 190830|| aca||aabn | a|a d
040 ## - CATALOGING SOURCE
- Original cataloging agency: NUST
- Transcribing agency: NUST
100 ## - HEADING--PERSONAL NAME
- Personal name: Kanwal, Alishba
670 ## - SOURCE DATA FOUND
- Source citation: Work cat.: (NUST): Kanwal, Alishba, Design of an Optical Physical Access Layer Firmware Module for the FC7-testboard Based at CERN /, 2018.
